Th-PhD-Study of Dengue virus DNA –dependent RNA polymerase protein and antiviral compounds testing (Record no. 523466)
[ view plain ]
| 000 -LEADER | |
|---|---|
| fixed length control field | 00656nam a22001697a 4500 |
| 003 - CONTROL NUMBER IDENTIFIER | |
| control field | NUST |
| 038 ## - RECORD CONTENT LICENSOR | |
| Staff Name | ASAB |
| 082 ## - DEWEY DECIMAL CLASSIFICATION NUMBER | |
| Classification number | Thesis 2017 |
| 100 ## - MAIN ENTRY--PERSONAL NAME | |
| Personal name | Deeba Amraiz-Sup-Dr. Najam us-Sahar-Sadaf Zaidi |
| 9 (RLIN) | 13897 |
| 245 ## - TITLE STATEMENT | |
| Title | Th-PhD-Study of Dengue virus DNA –dependent RNA polymerase protein and antiviral compounds testing |
| Statement of responsibility, etc. | Deeba Amraiz-Sup-Dr. Najam us-Sahar-Sadaf Zaidi |
| 260 ## - PUBLICATION, DISTRIBUTION, ETC. | |
| Place of publication, distribution, etc. | Islamabad |
| Name of publisher, distributor, etc. | Atta ur Rahman School of Applied biosciences NUST Islamabad. |
| Date of publication, distribution, etc. | 2017 |
| 300 ## - PHYSICAL DESCRIPTION | |
| Extent | 133 P. ; |
| 610 ## - SUBJECT ADDED ENTRY--CORPORATE NAME | |
| Title of a work | Industrial Biotechnology |
| 9 (RLIN) | 13898 |
| 610 ## - SUBJECT ADDED ENTRY--CORPORATE NAME | |
| Title of a work | Dengue |
| 9 (RLIN) | 13899 |
| 610 ## - SUBJECT ADDED ENTRY--CORPORATE NAME | |
| Title of a work | RNA plymerase protein |
| Form subdivision | Antiviral compounds testing |
| 9 (RLIN) | 13900 |
| 942 ## - ADDED ENTRY ELEMENTS (KOHA) | |
| Source of classification or shelving scheme | |
| Koha item type | Thesis |
| Withdrawn status | Lost status | Source of classification or shelving scheme | Damaged status | Not for loan | Permanent Location | Current Location | Date acquired | Total Checkouts | Full call number | Barcode | Date last seen | Price effective from | Koha item type |
|---|---|---|---|---|---|---|---|---|---|---|---|---|---|
| Atta-ur-Rahman School of Applied Biosciences (ASAB) | Atta-ur-Rahman School of Applied Biosciences (ASAB) | 03/20/2019 | Thesis 2017 DA | ASABPdD38 | 03/20/2019 | 03/20/2019 | Thesis |
